| 000 | 01537nam a2200433 i 4500 | ||
|---|---|---|---|
| 001 | 30405 | ||
| 003 | KOSZ 005 | ||
| 005 | 20220902120633.0 | ||
| 008 | 970612s1991 pl a |000 0 pol | ||
| 015 | _aPB 1991/8057 | ||
| 035 | _a(OCoLC)169953676 | ||
| 040 |
_aWA N _cWA N _dKOSZ 005/HR |
||
| 046 | _k1991 | ||
| 080 | _a504.5(438) | ||
| 080 | _a614.7(438) | ||
| 245 | 0 | 0 |
_aEkologiczne skutki uprzemysłowienia Polic / _cpod red. Jana Siuty ; Instytut Ochrony Środowiska. |
| 260 |
_aWarszawa : _bDział Wydawnictw IOŚ, _c1991. |
||
| 300 |
_a65, 29, [1] s., [28] k. tabl. : _bmapy, wykr. ; _c21 cm. |
||
| 336 |
_2rdacontent _aTekst _btxt |
||
| 337 |
_2rdamedia _aBez urządzenia pośredniczącego _bn |
||
| 338 |
_2rdacarrier _aWolumin _bnc |
||
| 380 | _aKsiążki. | ||
| 388 | _a1901-2000 | ||
| 388 | _a1989-2000 | ||
| 504 | _aBibliogr. s. 58-65. | ||
| 610 | 2 | 4 | _aZakłady Chemiczne "Police" |
| 650 | 4 | _aWpływ na środowisko | |
| 650 | 4 | _aSzkody przemysłowe | |
| 650 | 4 | _aDegradacja środowiska | |
| 650 | 4 | _aPrzemysł chemiczny | |
| 651 | 4 | _aPolska | |
| 651 | 4 | _aPolice (woj. zachodniopomorskie) | |
| 651 | 4 | _aJasienica (Police ; część miasta) | |
| 658 | _aOchrona środowiska | ||
| 700 | 1 |
_aSiuta, Jan _d(1928-2020) _eRedakcja |
|
| 710 | 2 | _aInstytut Ochrony Środowiska | |
| 856 |
_uhttp://koha.tu.koszalin.pl/cgi-bin/koha/opac-detail.pl?biblionumber=30405 _yKatalog online BPK |
||
| 942 |
_2UKD _cKS |
||
| 999 |
_c30405 _d30405 |
||